00491nam a2200193Ia 4500003000400000005001700004008004100021040000700062041000800069082001900077100003700096245002700133260005400160300001000214365001300224440000900237650002900246650002200275OSt20230522155437.0210423s2002 xx 000 0 und d cAL aeng a323 223bIIHR aINDIAN INSTITUTE OF HUMAN RIGHTS aChild and human rights aNew DelhibIndian Institute of Human Rightsc2002 a1,120 b250cINR v4C.1 aCivil & Political Rights aPolitical Science